Lie detection based on human autonmic nervous system analysis though real-time eye image stream (Hard / Soft-copy) (Record no. 188769)

000 -LEADER
fixed length control field 00516 a2200169 4500
003 - CONTROL NUMBER IDENTIFIER
control field Nust
005 - DATE AND TIME OF LATEST TRANSACTION
control field 20170207153549.0
040 ## - CATALOGING SOURCE
Transcribing agency Nust
082 ## - DEWEY DECIMAL CLASSIFICATION NUMBER
Classification number 005-1
100 ## - MAIN ENTRY--PERSONAL NAME
Personal name Ul-Islam, Capt Ayuq- BESE-09
245 ## - TITLE STATEMENT
Title Lie detection based on human autonmic nervous system analysis though real-time eye image stream (Hard / Soft-copy)
Statement of responsibility, etc. Capt Ayuq-Ul-Islam & Capt Ateeq-Ur-Rehman BESE-09
260 ## - PUBLICATION, DISTRIBUTION, ETC.
Name of publisher, distributor, etc. MCS
Date of publication, distribution, etc. 2007
300 ## - PHYSICAL DESCRIPTION
Extent 37 p
538 ## - SYSTEM DETAILS NOTE
System details note Almirah No 71 Shelf No 5
650 ## - SUBJECT ADDED ENTRY--TOPICAL TERM
Topical term or geographic name entry element UG Projects
651 ## - SUBJECT ADDED ENTRY--GEOGRAPHIC NAME
Geographic name UG CS Projects
942 ## - ADDED ENTRY ELEMENTS (KOHA)
Koha item type
Holdings
Withdrawn status Lost status Source of classification or shelving scheme Damaged status Not for loan Permanent Location Current Location Shelving location Date acquired Full call number Barcode Date last seen Price effective from Koha item type Public note
          Military College of Signals (MCS) Military College of Signals (MCS) Reference 12/12/2016 005.1,AYU MCSPCS-147 12/08/2016 12/12/2016 Project Report Almirah No.89, Shelf No. 3
© 2023 Central Library, National University of Sciences and Technology. All Rights Reserved.